000 00377nam a2200145Ia 4500
008 191201s2009 xx 000 0 und d
082 _a658.421
_bDED
100 _aDESAI,Vasant
245 0 _aDynamics of Entrepreneurial Development and Management
250 _aRev
260 _aN.Delhi
_bHimalaya Publication House
_c2009
300 _a780
650 _aMBA
942 _2ddc
_cBK
999 _c4271
_d4271